| 000 | 01163cad a22002295a 4500 | ||
|---|---|---|---|
| 001 | L149756 | ||
| 008 | 100421s2010 d f s 000 0 eng d | ||
| 035 | _a(Sirsi) u149756 | ||
| 041 | 0 | _aeng | |
| 050 | 0 | 4 | _a333.33 $2 18 |
| 110 | 2 |
_aNAI Global _95315 |
|
| 245 | 0 | 0 |
_aGlobal market report 2010 _bvalues, trends and opportunities in 200+ property markets worldwide _h[electronic resource] |
| 260 |
_aPrinceton _bNAI Global _c2010 |
||
| 490 | 0 |
_aNAI Global Market Report _v2010 |
|
| 520 | _aProvides comprehensive market data and overviews on over 200 property markets around the world, covering all primary and most secondary and tertiary markets across the globe. Using both narrative market reports and statistical charts, it offers market highlights and trends, demographic and business profiles, rental rates, vacancy rates and land prices. | ||
| 590 | _aKA NTK | ||
| 650 | 2 | 4 | _aNAI GLOBAL MARKET REPORT |
| 651 | 4 | _aInternational | |
| 690 | _aPROPERTY-COMMERCIAL PROPERTY-COMMERCIAL PROPERTY MARKET | ||
| 856 | 4 | 0 |
_uhttps://www.naiglobal.com/docs/GMR_2010%20Final_LoRes_NAIGlobal.pdf _zView the item free of charge at www.naiglobal.com... |
| 942 | _n0 | ||
| 999 |
_c110616 _d110616 |
||